000 00719nam a2200253Ia 4500
003 OSt
005 20220928131431.0
006 a|||||r|||| 00| 0
007 ta
008 220927b |||||||| |||| 00| 0 eng d
024 _a69505
037 _cTextual
040 _aSDCL
_cSDCL
_beng
041 _2eng
_aeng
082 _aO123,3J47,1:g, PO
100 _aDe Cervantes Miguel
_9467352
245 0 _aIngenious Hidalgo Don Quixote de la Mancha.
260 _aLondon
_bPenguin Books
_c2000
300 _axxix,1022p
_ccm.
490 _aPenguin classics
650 _aCervantes-Don Quixote
_9478109
942 _hO123,3J47,1:g, PO
_cTEXL
_2CC
999 _c790609
_d790609